KENALI ILMU HADIS : (Record no. 183456)

MARC details
000 -LEADER
fixed length control field 01023nam a2200313 i 4500
001 - CONTROL NUMBER
control field vtls000890180
003 - CONTROL NUMBER IDENTIFIER
control field PNM
005 - DATE AND TIME OF LATEST TRANSACTION
control field 20210415145528.0
008 - FIXED-LENGTH DATA ELEMENTS--GENERAL INFORMATION
fixed length control field 191112s2020 my e 000 0 may d
020 ## - INTERNATIONAL STANDARD BOOK NUMBER
International Standard Book Number 9789673885077
Qualifying information paperback
Terms of availability RM17.00
039 #9 - LEVEL OF BIBLIOGRAPHIC CONTROL AND CODING DETAIL [OBSOLETE]
Level of rules in bibliographic description 202101261112
Level of effort used to assign nonsubject heading access points irfah
Level of effort used to assign subject headings 202101061049
Level of effort used to assign classification hisyamuddin_m
Level of effort used to assign subject headings 202101061049
Level of effort used to assign classification hisyamuddin_m
Level of effort used to assign subject headings 201911130757
Level of effort used to assign classification amy_z
040 ## - CATALOGING SOURCE
Original cataloging agency PNM
Language of cataloging eng
Transcribing agency PNM
Description conventions rda
Modifying agency PPAK
049 ## - LOCAL HOLDINGS (OCLC)
Holding library klpmal
082 04 - DEWEY DECIMAL CLASSIFICATION NUMBER
Classification number 297.125
Edition number 23
090 20 - LOCALLY ASSIGNED LC-TYPE CALL NUMBER (OCLC); LOCAL CALL NUMBER (RLIN)
Classification number (OCLC) (R) ; Classification number, CALL (RLIN) (NR) 297.125
Feature heading MHH
Feature heading G
100 0# - MAIN ENTRY--PERSONAL NAME
Personal name Mohd. Huzaifah Hadis,
Relator term author.
245 10 - TITLE STATEMENT
Title KENALI ILMU HADIS :
Remainder of title NAK TAHU HADIS SAHIH ATAU DAIF? /
Statement of responsibility, etc. HUZAIFAH HADIS
264 #1 - PRODUCTION, PUBLICATION, DISTRIBUTION, MANUFACTURE, AND COPYRIGHT NOTICE
Place of production, publication, distribution, manufacture Kuala Lumpur :
Name of producer, publisher, distributor, manufacturer Telaga Biru Sdn. Bhd.,
Date of production, publication, distribution, manufacture, or copyright notice [2020]
300 ## - PHYSICAL DESCRIPTION
Extent xvii, 238 pages ;
Dimensions 21 cm
336 ## - CONTENT TYPE
Content type term text
Source rdacontent
337 ## - MEDIA TYPE
Media type term unmediated
Source rdamedia
338 ## - CARRIER TYPE
Carrier type term volume
Source rdacarrier
650 10 - SUBJECT ADDED ENTRY--TOPICAL TERM
Topical term or geographic name entry element Hadith
Topical term or geographic name entry element Hadith
General subdivision Criticism, interpretation, etc.
942 ## - ADDED ENTRY ELEMENTS (KOHA)
Source of classification or shelving scheme Dewey Decimal Classification
Koha item type Book
949 ## - LOCAL PROCESSING INFORMATION (OCLC)
6 1001347086
e 2674960
6 1001347085
e 2674961
6 1001347084
e 2674962
Holdings
Withdrawn Not for loan Current library Shelving location Date acquired Total Checkouts Full call number Barcode Date last seen Date last checked out Koha item type Total Renewals
    Perpustakaan Alor Setar Pinjaman Dewasa 28/04/2021 5 297.125 MHH A01690381 25/03/2025 19/02/2025 Book  
    Perpustakaan Awam Sungai Petani Pinjaman Dewasa 28/04/2021 1 297.125 MHH A01690382 25/05/2022 11/05/2022 Book  
    Perpustakaan Baling Pinjaman Dewasa 28/04/2021   297.125 MHH A01690384 28/04/2021   Book  
    Perpustakaan Bandar Baharu Pinjaman Dewasa 28/04/2021   297.125 MHH A01690385 28/04/2021   Book  
    Perpustakaan Kulim Pinjaman Dewasa 28/04/2021 6 297.125 MHH A01690383 31/01/2026 19/01/2026 Book 2
    Perpustakaan Merbok Pinjaman Dewasa 28/04/2021   297.125 MHH A01690386 28/04/2021   Book